Responses for show #5357 - Tuesday, December 18, 2007

Contestants

[<< previous game]

Adrian Higgins, a journalist from Alexandria, Virginia

Margot Wiegele, an airline salesperson from Anchorage, Alaska

Kevin Holbert, a linguistics student from Buffalo, New York (whose 1-day cash winnings total $21,424)

[next game >>]

Jeopardy! Round responses

WE HAVE THE TECHNOLOGY
TOP 40 HITMAKERS
YO, JIMMY!
MISSING LINKS
IS THIS HEAVEN?
NO, IT'S IOWA
    $200 11
a ballpoint pen

Kevin
    $200 17
(Adrian: Who are The Beach Boys?)

The Mamas & The Papas

MargotAdrian
    $200 23
Superman

Margot
    $200 1
alley

Adrian
    $200 16
lobster

Margot
    $200 6
Des Moines

Kevin
    $400 12
(Margot: Who is Kodak?)

(George) Eastman

KevinMargot
    $400 18
Neil Diamond

Margot
    $400 24
(Adrian: Uh, what is AMC?)

GMC (or General Motors)

MargotAdrian
    $400 2
Silver

Kevin
    $400 22
Hawaii

Margot
    $400 7
the Missouri

Kevin
    $600 13
AstroTurf

Adrian
    $600 19
The Dave Matthews Band

Kevin
    $600 25
the Teamsters

Adrian
    $600 3
bank

Adrian
    $600 28
shiatsu

Kevin
    $2,000 8
Davenport

Kevin
    $800 14
(Kevin: What is a blender?)
(Margot: What is a food processor?)
(Adrian: What is a mixer?)
(Alex: Be more specific.)
(Adrian: What is a food mixer?)
(Alex: No, we were going for "this Sunbeam appliance"; it was a mixer. It was the [*].)

Mixmaster

KevinMargotAdrian
Triple Stumper
    $800 20
Lynyrd Skynyrd

Kevin
    $800 26
apartheid

Kevin
    $800 4
Wayside

Adrian
    $800 29
Ferrari

Adrian
    $800 9
the Hawkeyes

Kevin
    $1000 15
a Tesla coil

Kevin
    $1000 21
Chicago

Kevin
    $1000 27
(Margot: Who is Jerry Lee Lewis?)
(Kevin: Who is Jerry Falwell?)

Jimmy Swaggart

KevinMargotAdrian
    $1000 5
flash

Kevin
    $1000 30
Fallingwater

Adrian
    $1000 10
(Adrian: What is Sioux Falls?)

Sioux City

Adrian
Triple Stumper

Scores at the first commercial break (after clue 15):

Kevin Margot Adrian
$5,600 -$1,200 $400

Scores at the end of the Jeopardy! Round:

Kevin Margot Adrian
$8,400 -$400 $3,200

Double Jeopardy! Round responses

LATIN AMERICAN LITERATURE
ACTORS & THEIR ROLES
SOVIET BLOC HEADS
ARCHITECTURE
DEATH SENTENCES
TESTING YOUR "IQ"
    $400 1
Bolivar

Kevin
    $400 6
George Clooney

Kevin
    $400 19
Solidarity

Margot
    $400 13
the boss

Margot
    $400 2
(Alex: [*]. Said a lot of funny things.)

Samuel Goldwyn

Triple Stumper
    $400 3
liquor

Adrian
    $800 14
gauchos

Kevin
    $800 7
DiCaprio

Margot
    $800 20
Czechoslovakia

Adrian
    $800 15
(Kevin: What is Hinduism?)

Buddhism

KevinAdrian
    $800 17
(Emily) Dickinson

Margot
    $800 4
a boutique

Kevin
    $1,600 8
(Alex: In the film of the same name, Vertigo.)

Jimmy Stewart

Margot
    $1200 21
Bulgaria

Triple Stumper
    $1200 16
the Washington Monument

Kevin
    $1200 18
a statistic

Triple Stumper
    $1200 5
a clique

Margot
    $1600 9
(Margot: Who is Spencer Tracy?)
(Adrian: Who is, uh, Cagney?)
...
(Alex: Spencer Tracy was Father Flanagan; [*] was the boy who was elected mayor.)

Mickey Rooney

MargotAdrian
Triple Stumper
    $2,000 25
(Alex: Yes, Chernobyl.)

Ukraine

Kevin
    $1600 22
(Adrian: [Selecting the clue] What is ARCHITECTURE for $1600?)
(Alex: I'll tell you:...)
...
(Kevin: What is Philadelphia?)
(Adrian: What is Boston?)

Richmond, Virginia

KevinAdrian
Triple Stumper
    $1600 24
Gibran

Kevin
    $1600 11
oblique

Margot
    $2000 10
Thomas Haden Church

Kevin
    $2000 26
Georgia

Adrian
    $2000 23
(Adrian: Uh, who is, um, Gropius?)

Le Corbusier

Adrian
Triple Stumper
    $2000 27
(Alex: [*], yes. [The end-of-round signal sounds.] And we're "Donne". We're done for Double Jeopardy!...)

(John) Donne

Adrian
    $2000 12
piquant

Adrian

Scores at the end of the Double Jeopardy! Round:

Kevin Margot Adrian
$15,200 $4,800 $6,000
(lock game)

[wagering suggestions for these scores]

Final Jeopardy! Round responses

THE 1970s
(Alex: [*], of course. Historic visit to Communist China.)
MargotWhat are chopsticks?
$4,799
AdrianWhat are chopsticks
$6,000
KevinWhat are chopsticks?
$3,199
chopsticks

Final scores:

Kevin Margot Adrian
$18,399 $9,599 $12,000
2-day champion: $39,823 3rd place: $1,000 2nd place: $2,000

Game dynamics:

Coryat scores:

Kevin Margot Adrian
$13,400 $4,400 $6,000
22 R
(including 2 DDs),
4 W
13 R
(including 1 DD),
4 W
14 R,
7 W

Combined Coryat: $23,800

The J! Archive is created by fans, for fans. The Jeopardy! game show and all elements thereof, including but not limited to copyright and trademark thereto, are the property of Jeopardy Productions, Inc. and are protected under law. This website is not affiliated with, sponsored by, or operated by Jeopardy Productions, Inc. Join the discussion at JBoard.tv.